Obálka Náhled e-knihy:
Epub
Pro půjčování e-knih musíte být přihlášeni.
Jak si půjčit online?

Jen vrah mluví pravdu /

Uloženo v:
Hlavní autor: Eidler, Petr, 1958- (Autor)
Médium: E-kniha
Jazyk:Czech
Vydáno: Brno : MOBA, c2010
Vydání:Vyd. 1.
Edice:Původní česká detektivka
Krimi (MOBA)
Témata:
Tagy:
Žádné tagy
LEADER 01404nam a2200385 a 4500
001 297677
003 CZ PrSKC
005 20260422063111.0
007 ta
008 100927s2010 xr g 000 f cze
015 |a cnb002128394 
020 |a 9788024340104  |q (váz.) :  |c Kč 239,00 
035 |a (OCoLC)697265338 
040 |a BOA001  |b cze 
072 7 |a 821.162.3-3  |x Česká próza  |2 Konspekt 
080 |a 821.162.3-31  |2 MRF 
080 |a (0:82-312.4)  |2 MRF 
100 1 |a Eidler, Petr,  |d 1958-  |7 mzk2006331530  |4 aut 
245 1 0 |a Jen vrah mluví pravdu /  |c Petr Eidler 
250 |a Vyd. 1. 
260 |a Brno :  |b MOBA,  |c c2010 
300 |a 271 s. ;  |c 19 cm 
490 1 |a Původní česká detektivka ;  |v sv. 125 
490 1 |a Krimi 
655 7 |a české romány  |7 fd133974  |2 czenas 
655 7 |a detektivní romány  |7 fd132010  |2 czenas 
655 9 |a Czech fiction  |2 eczenas 
655 9 |a detective novels  |2 eczenas 
830 0 |a Původní česká detektivka 
830 0 |a Krimi (MOBA) 
900 |a ABA001  |b 17 
044 |a xr 
910 |a RBIT002 
998 |d 2132  |a https://core.palmknihy.cz/api/books/2132/cover?jy7cbq  |b https://core.palmknihy.cz/api/books/2132/cover/400?h4g8iu  |c https://core.palmknihy.cz/api/books/2132/cover/50?1yiz3c  |e 2032-04-07  |g 272  |i 9788024340104  |j https://core.palmknihy.cz/api/books/2132/preview.epub  |l   |q 49  |r 1  |s https://www.palmknihy.cz/kniha/2132  |t ebook  |y 2010  |z 0 
999 |d 297675